000
00560nam a22001457a 4500
020
_a
9789351116295
082
_a
323.445
100
_a
Sanoj Singh
245
_a
Liberalization and Journalism
260
_a
New Delhi
_b
Random publications
_c
2015
300
_a
295p
942
_c
BK
999
_c
2857
_d
2857